Statistics for NBA Teams With Best Win Percentage (January 2017) KOT4Q

Click here to take the quiz!

General Stats

  • This quiz has been taken 97 times
  • The average score is 8 of 30

Answer Stats

Rank PCT Wins Geography Team Name % Correct
1.6212,006SouthwestSpurs
93%
2.6033,235PacificLakers
82%
3.5583,221AtlanticCeltics
74%
4.5462,122PacificSuns
42%
9.5201,170SoutheastHeat
26%
29.3941,469PacificClippers
26%
8.5222,115NortheastBulls
26%
5.5392,139SouthwestThunder
24%
11.5142,726Atlantic76ers
24%
6.5351,991NorthwestTrail Blazers
24%
27.4211,360AtlanticNets
23%
23.4592,464PacificKings
22%
30.391847NorthwestTimberwolves
22%
10.5172,052SouthwestRockets
22%
20.4732,590PacificWarriors
20%
12.5101,482SouthwestMavericks
18%
16.4932,701AtlanticKnicks
18%
13.5091,983NortheastBucks
18%
18.4872,616NortheastPistons
17%
25.440916SoutheastHornets
16%
26.438734NortheastRaptors
16%
14.4992,650AtlanticHawks
16%
22.4641,728NortheastCavaliers
15%
15.4971,606NortheastPacers
14%
7.5341,815PacificJazz
14%
17.4901,062SoutheastMagic
14%
28.415694SouthwestGrizzlies
13%
24.4502,004SoutheastWizards
10%
21.466528SouthwestPelicans
10%
19.4841,563SouthwestNuggets
9%

Score Distribution

Percentile by Number Answered

Percent of People with Each Score

Your Score History

You have not taken this quiz